Apunts d'anatomia : 2n curs de dibuix artístic / Ma Josep Forcadell 2n curs de dibuix artístic / Ma Josep Forcadell
Descripción Física:
30 làm. 30 cm
Materias:
Anatomia artística
MARC
| LEADER | 00000nam a2200000Ia 4500 | ||
|---|---|---|---|
| 001 | 5422 | ||
| 003 | BGR | ||
| 005 | 20260324175648.0 | ||
| 008 | 160829s9999 xx 000 0 cat d | ||
| 080 | |a B-1-46 | ||
| 100 | |a Forcadell, Ma Josep |9 20199 | ||
| 245 | |a Apunts d'anatomia : |b 2n curs de dibuix artístic / Ma Josep Forcadell | ||
| 260 | |a Barcelona : |b Diputació de Barcelona. Escola d'Arts i Oficis, [1987] | ||
| 300 | |a 30 làm. 30 cm | ||
| 650 | |a Anatomia artística |9 34177 | ||
| 710 | 2 | |a Escola d'Arts i Oficis (Barcelona, Catalunya) |9 55874 | |
| 901 | |a Arxiu | ||
| 942 | |n 1 |2 udc |c MON | ||
| 952 | |0 0 |1 0 |4 0 |6 B146 |7 1 |9 47648 |a Arxiu |b Arxiu |d 2016-12-01 |l 0 |o B-1-46 |p 5422 |r 2016-12-01 00:00:00 |w 2016-12-01 |y ARXIU | ||
| 999 | |c 51447 |d 51447 | ||